000 01387nam a2200241Ia 4500
003 Ost
005 20260507075410.0
008 260507s9999||||xx |||||||||||||| ||und||
020 _a82262749779
040 _cfsecg
041 _aara
082 _a330
100 _aاليحيى، حسين
_eمؤلف
245 0 _aتحليل وتقييم المشاريع /
_c حسين اليحيى
260 _aالقاهرة:
_bالشركة العربية المتحدة للتسويق والتوريدات,
_c2008
300 _a360 صفحة؛
_bإيضاحات ؛
_c24 سم
504 _aالمراجع ص.356
520 _aيضم مفاهيم أساسية في تحليل وتقييم المشاريع، صلات المشروع، المراحل التي بها المشروع، المعلومات اللازمة لتحليل المشاريع، تحليل الجدوى التجارية للمشاريع الجديدة في حالة التأكد التام، تحليل الجدوى التجارية للمشاريع الجديدة في حالة عدم التأكد، تحليل الجدوى الاقتصادية للمشاريع العامة الجديدة، تقييم المشاريع القائمة، معالجة المشاريع الفاشلة
653 _aالإقتصاد التحليلي
653 _aالمشروعات
653 _aدراسة الجدوى
942 _cكتاب
999 _c44386
_d44386